La formación del producto agropecuarioargentino (Registro nro. 16270)
[ vista simple ]
| 000 -LEADER | |
|---|---|
| fixed length control field | 00371 a2200121 4500 |
| 001 - CONTROL NUMBER | |
| control field | ART_3266 |
| 005 - DATE AND TIME OF LATEST TRANSACTION | |
| control field | 20260410161713.0 |
| 008 - FIXED-LENGTH DATA ELEMENTS--GENERAL INFORMATION | |
| fixed length control field | 260409a |
| 100 1# - MAIN ENTRY--PERSONAL NAME | |
| Personal name | Reca, Lucio G. |
| 245 10 - TITLE STATEMENT | |
| Title | La formación del producto agropecuarioargentino |
| 700 1# - ADDED ENTRY--PERSONAL NAME | |
| Personal name | Verstraeten, Juan |
| 773 0# - HOST ITEM ENTRY | |
| Title | Desarrollo económico |
| Related parts | - Vol. 17, Nº 67 (oct./dic. 1977) |
| Record control number | REV1174 |
No hay ítems disponibles.